[Event "CZE-ch U12"]
[White "Bartak, Tobias"]
[Black "Zika, Miroslav"]
[Site "Harrachov"]
[Round "9"]
[Result "1/2-1/2"]
[Date "2024.11.02"]
[WhiteElo "1676"]
[BlackElo "1567"]
[PlyCount "91"]
[EventDate "2024.10.26"]
[EventType "swiss"]
[EventRounds "9"]
[EventCountry "CZE"]
[SourceTitle "CB45_2024"]
[Source "ChessBase"]
[SourceDate "2024.11.06"]
[SourceVersion "1"]
[SourceVersionDate "2024.11.06"]
[SourceQuality "1"]

1. e4 c5 2. Nf3 Nc6 3. d4 cxd4 4. Nxd4 d6 5. Nc3 Nf6 6. Bc4 g6 7. 0-0 Bg7 8. f3 0-0 9. Be3 Bd7 10. Qd2 Rc8 11. Bb3 a6 12. Rfe1 Re8 13. Rad1 Qc7 14. a3 Ne5 15. Qe2 Nc6 16. Qf2 b5 17. Bd5 Nxd4 18. Bxd4 Nxd5 19. Bxg7 Kxg7 20. Rxd5 Be6 21. Rd2 Qc5 22. Qxc5 Rxc5 23. Ne2 Rec8 24. c3 Kf6 25. Nd4 Bc4 26. Kf2 e5 27. Nc2 Ke6 28. Ne3 a5 29. Red1 Rd8 30. Nxc4 Rxc4 31. Rd5 b4 32. axb4 axb4 33. cxb4 Rxb4 34. R1d2 f5 35. Ke3 Rb3+ 36. R5d3 Rdb8 37. Ke2 Rxb2 38. Rxd6+ Ke7 39. Rd7+ Kf6 40. h3 Rxd2+ 41. Rxd2 Rb3 42. Rd3 Rb2+ 43. Rd2 Rb1 44. Kf2 h5 45. Rd6+ Kg5 46. h4+ 1/2-1/2

[Event "CZE-ch U12"]
[White "Hronik, Petr1"]
[Black "Zika, Miroslav"]
[Site "Harrachov"]
[Round "5"]
[Result "0-1"]
[Date "2024.10.29"]
[WhiteElo "1496"]
[BlackElo "1567"]
[PlyCount "92"]
[EventDate "2024.10.26"]
[EventType "swiss"]
[EventRounds "9"]
[EventCountry "CZE"]
[SourceTitle "CB45_2024"]
[Source "ChessBase"]
[SourceDate "2024.11.06"]
[SourceVersion "1"]
[SourceVersionDate "2024.11.06"]
[SourceQuality "1"]

1. e4 c5 2. c4 Nc6 3. g3 d6 4. Bg2 g6 5. Ne2 Bg7 6. Nbc3 Nf6 7. d3 0-0 8. 0-0 Bd7 9. f4 Rc8 10. Be3 Ng4 11. h3 Nxe3 12. Qd2 Nxf1 13. Rxf1 Nd4 14. g4 Nxe2+ 15. Qxe2 Bd4+ 16. Kh1 Bxc3 17. bxc3 Qa5 18. Qd2 f6 19. f5 g5 20. Rb1 Rb8 21. Rb2 Bc6 22. d4 cxd4 23. cxd4 Qxd2 24. Rxd2 Rfd8 25. Bf3 b5 26. cxb5 Bxb5 27. Rh2 Rdc8 28. h4 Rc1+ 29. Kg2 Rc2+ 30. Kg1 Rxh2 31. Kxh2 h6 32. h5 Bc4 33. a3 Rb3 34. Bd1 Rxa3 35. Kg1 Ra1 36. Kf2 Rxd1 37. Ke3 Rd3+ 38. Kf2 Rxd4 39. Ke3 Rd3+ 40. Kf2 a5 41. Kg1 a4 42. Kf2 a3 43. Ke1 a2 44. Kf2 a1Q 45. Kg2 Qb2+ 46. Kf1 Rd1# 0-1

[Event "CZE-ch U10"]
[White "Zelenka, Tomas"]
[Black "Zika, Miroslav"]
[Site "Teplice"]
[Round "9"]
[Result "1-0"]
[Date "2023.03.18"]
[WhiteElo "1272"]
[BlackElo "1155"]
[PlyCount "71"]
[EventDate "2023.03.11"]
[EventType "swiss"]
[EventRounds "9"]
[EventCountry "CZE"]
[SourceTitle "CBM 213 Extra"]
[Source "ChessBase"]
[SourceDate "2023.05.31"]
[SourceVersion "1"]
[SourceVersionDate "2023.05.31"]
[SourceQuality "1"]

1. e4 c5 2. d3 Nc6 3. g3 g6 4. Bg2 Bg7 5. f4 d6 6. Nf3 Qb6 7. Nc3 e6 8. 0-0 c4+ 9. Kh1 cxd3 10. Qxd3 Nge7 11. Qxd6 0-0 12. Qd3 Rd8 13. Qb5 Bxc3 14. Qxb6 axb6 15. bxc3 f6 16. Be3 b5 17. Rfb1 Bd7 18. Rxb5 Nd4 19. Nxd4 Bxb5 20. Nxb5 f5 21. e5 Ra4 22. Nd6 Rda8 23. Bf1 Rxa2 24. Rxa2 Rxa2 25. Bc4 Rxc2 26. Bxe6+ Kg7 27. Bf7 Rxc3 28. Bg1 Rc2 29. e6 b6 30. Ne8+ Kf8 31. Bd4 Nd5 32. Be5 Rc8 33. Bd6+ Ne7 34. Nf6 Kg7 35. Bxe7 Rc7 36. Ne8+ 1-0

[Event "CZE-ch U10"]
[White "Zika, Miroslav"]
[Black "Fadrny, Jonas"]
[Site "Teplice"]
[Round "5"]
[Result "1-0"]
[Date "2023.03.14"]
[WhiteElo "1155"]
[BlackElo "1247"]
[PlyCount "95"]
[EventDate "2023.03.11"]
[EventType "swiss"]
[EventRounds "9"]
[EventCountry "CZE"]
[SourceTitle "CBM 213 Extra"]
[Source "ChessBase"]
[SourceDate "2023.05.31"]
[SourceVersion "1"]
[SourceVersionDate "2023.05.31"]
[SourceQuality "1"]

1. c4 e5 2. Nc3 Bc5 3. Nf3 d6 4. g3 Nf6 5. Bg2 0-0 6. d3 Nc6 7. 0-0 h6 8. Na4 Be6 9. Qb3 Na5 10. Qc3 Nc6 11. Nxc5 dxc5 12. Nxe5 Nxe5 13. Qxe5 Nd7 14. Qe3 c6 15. b3 Re8 16. Qd2 Nf6 17. Bb2 Nh7 18. Qf4 Qd7 19. Qe5 f6 20. Qxc5 Ng5 21. h4 Nf7 22. Qh5 Bg4 23. Qg6 Nh8 24. Qxe8+ Rxe8 25. f3 Bh3 26. Rf2 Bxg2 27. Kxg2 Nf7 28. d4 Re7 29. e4 g5 30. h5 f5 31. e5 Qc7 32. Re2 Nd8 33. Rae1 Qd7 34. Ba3 Re8 35. Bb2 Ne6 36. Rd2 Rd8 37. Ree2 a6 38. Ba3 b5 39. Bd6 Qf7 40. d5 cxd5 41. cxd5 Ng7 42. e6 Qe8 43. Bc7 Rc8 44. d6 Nxe6 45. d7 Nxc7 46. dxe8Q+ Nxe8 47. Re6 a5 48. Rxh6 1-0